Medzinárodné inštitúcie regulujúce finančný trh
Medzinárodný dohľad globálneho finančného trhu sa uskutočňuje prostredníctvom viacerých medzinárodných inštitúcií. Inštitúcie v oblasti regulácie obchodovania s cennými papiermi. Inštitúcie v oblasti medzinárodného bankového dohľadu.
Saved in:
| Main Author: | |
|---|---|
| Format: | Book Chapter |
| Language: | Slovak |
| Subjects: | |
| Tags: |
No Tags, Be the first to tag this record!
|
MARC
| LEADER | 00000naa a2200000 4500 | ||
|---|---|---|---|
| 001 | r037876 | ||
| 005 | 20041019155612.4 | ||
| 041 | 0 | |a slo | |
| 044 | |a SK | ||
| 245 | 1 | 0 | |a Medzinárodné inštitúcie regulujúce finančný trh |c Izabela Fendeková |
| 520 | |a Medzinárodný dohľad globálneho finančného trhu sa uskutočňuje prostredníctvom viacerých medzinárodných inštitúcií. Inštitúcie v oblasti regulácie obchodovania s cennými papiermi. Inštitúcie v oblasti medzinárodného bankového dohľadu. | ||
| 610 | 2 | 0 | |a trh finančný medzinárodný |
| 610 | 2 | 0 | |a regulácia |
| 610 | 2 | 0 | |a organizácie medzinárodné |
| 610 | 2 | 0 | |a obchody burzové |
| 610 | 2 | 0 | |a papiere cenné |
| 610 | 2 | 0 | |a dohľad bankový |
| 100 | 1 | |a Fendeková, Izabela | |